[Event "Regionalliga NO 1516"]
[Site "Bayern"]
[Date "2015.11.15"]
[Round "3.2"]
[White "Braun, Michael1111"]
[Black "Gaydar, Paul"]
[Result "1/2-1/2"]
[WhiteElo "2048"]
[BlackElo "2149"]
[PlyCount "52"]
[EventDate "2015.10.11"]
[EventType "team-tourn"]
[EventRounds "9"]
[EventCountry "GER"]
[SourceTitle "EXT 2018"]
[Source "ChessBase"]
[SourceDate "2017.10.13"]
[SourceVersion "1"]
[SourceVersionDate "2017.10.13"]
[SourceQuality "1"]
[WhiteTeam "Buechenbach/Roth"]
[BlackTeam "Regensburg Turnerschaft"]
[WhiteTeamCountry "GER"]
[BlackTeamCountry "GER"]

1. d4 Nf6 2. c4 g6 3. g3 d5 4. cxd5 Qxd5 5. Nf3 Bg7 6. Nc3 Qa5 7. Bg2 0-0 8. 0-0 Rd8 9. Qb3 Qb6 10. Qxb6 axb6 11. Bf4 Na6 12. Be5 c6 13. Rfd1 Bf5 14. a3 Bc2 15. Rdc1 Bb3 16. Nd2 Be6 17. e3 Nd5 18. Bxg7 Kxg7 19. Nxd5 Bxd5 20. Bxd5 Rxd5 21. Nc4 Rb5 22. Rc3 Nc7 23. Rac1 Rd8 24. Kf1 Nd5 25. R3c2 Rb3 26. Ke2 Re8 1/2-1/2